Statistiques concernant Les combats cultes du cinéma

Cliquez ici pour prendre le quiz!

Statistiques générales

  • Ce quiz a été pris 512 fois
  • Le résultat moyen est 13 sur 16

Statistiques - réponses

Réponse% Correct
Star Wars III : La Revanche des Sith
100%
Pirates des Caraïbes : Le Secret du coffre maudit
99%
Avengers
97%
Matrix Reloaded
97%
Rocky
97%
Gladiator
96%
Godzilla vs Kong
96%
Harry Potter et l'Ordre du Phénix
94%
Kill Bill : Volume 1
90%
La Planète des Singes : Suprématie
86%
Fight Club
85%
300
83%
Kingsman : The secret service
63%
Le Monde de Narnia : Le Prince Caspian
62%
Tu ne tueras point
43%
Il était une fois en Chine
2%

Distribution des résultats

Percentile par nombre de réponses

% des personnes avec chaque résultat

Votre développement - résultats

Vous n’avez pas pris ce quiz